RICS Awards 2022 (Record no. 121317)
[ view plain ]
| 000 -LEADER | |
|---|---|
| fixed length control field | 01805nam a22001817a 4500 |
| 008 - FIXED-LENGTH DATA ELEMENTS--GENERAL INFORMATION | |
| fixed length control field | 230116s2022 xxk|||||o|||| 00| 0 eng d |
| 041 ## - LANGUAGE CODE | |
| Language code of text/sound track or separate title | eng |
| 110 ## - MAIN ENTRY--CORPORATE NAME | |
| Corporate author | Royal Institution of Chartered Surveyors |
| 245 ## - TITLE STATEMENT | |
| Title | RICS Awards 2022 |
| Subtitle | Winners Grand Final |
| Medium | [Electronic resource] |
| 260 ## - PUBLICATION INFORMATION | |
| Place of publication | London, |
| Publisher | Royal Institution of Chartered Surveyors, |
| Date | 2022 |
| 300 ## - PHYSICAL DESCRIPTION | |
| Physical description | 48p |
| 520 ## - ABSTRACT | |
| Abstract | The RICS UK Awards showcase the most inspirational initiatives and developments in land, real estate, construction, and infrastructure. They recognise outstanding achievement, teamwork, and companies. This records the those shortlisted and the winners for the event held Friday 21 October 2022. Commercial Development winner: Hylo, London. Community Benefit winner: The Wilds, Barking Riverside, London. Heritage project winner: Seaton Delaval Hall, North East. Public Sector project winner: Erne Campus, South West College, Northern Ireland. Refurbisment/Revitalisation Project winner: Buxton Crescent Hotel and Thermal Spa, East Midlands. Residential Project winner: Perry Barr Regeneration Scheme, West Midlands. Environmental Impact Award winner: St Sidwell's Point, Exeter. Infrastructure<br/>Team of the Year Award: North West Multi Modal Transport Hub Project Team. Outstanding small surveying team/firm winner: Modus Construction Consultants Ltd. Outstanding large surveying team/firm winner: Lenders, Investors and Insurers Team, Arcadis. Lifetime achievement award: Diana Fitzsimons. Project of the Year: Erne Campus, South West College |
| 650 ## - KEYWORDS | |
| Keywords | RICS Awards |
| 651 ## - SUBJECT ADDED ENTRY--GEOGRAPHIC NAME | |
| Geographic name | United Kingdom |
| 710 ## - ADDED CORPORATE NAME | |
| Added corporate author | Royal Institution of Chartered Surveyors |
| 856 ## - ONLINE RESOURCE | |
| Uniform Resource Identifier | <a href="https://www.rics.org/contentassets/4f8f7908a3e146a39c584f76c1b0301d/rics_awards_2022_uk_gf_winnerbrochure.pdf">https://www.rics.org/contentassets/4f8f7908a3e146a39c584f76c1b0301d/rics_awards_2022_uk_gf_winnerbrochure.pdf</a> |
| Public note | Available free on RICS.org |
| 942 ## - ADDED ENTRY ELEMENTS (KOHA) | |
| Suppress in OPAC | Do not suppress in OPAC |
| Lost status | Damaged status | Not for loan | Current library | Shelving location | Date acquired | Total Checkouts | Date last seen | Price effective from | Koha item type |
|---|---|---|---|---|---|---|---|---|---|
| Virtual | Online | 16/01/2023 | 16/01/2023 | 16/01/2023 | Online material |